[Event "OLNO 2122 SG Güstrow-Teterow - SC Kreu"]
[Site "?"]
[Date "2021.10.31"]
[Round "1.1"]
[White "Glantz, Robert"]
[Black "Luther, Alexander"]
[Result "1-0"]
[WhiteElo "2314"]
[BlackElo "2075"]
[PlyCount "39"]
[EventDate "2021.??.??"]

1. d4 d5 2. Bf4 Nf6 3. e3 e6 4. Nf3 Bd6 5. Nbd2 b6 6. c3 Bxf4 7. exf4 c5 8. h4
a5 9. h5 h6 10. Ne5 Ba6 11. Bxa6 Rxa6 12. Qe2 Ra8 13. g4 Nfd7 14. Ndf3 Qf6 15.
g5 Qxf4 16. g6 f6 17. Nf7 O-O 18. Rh4 Qc7 19. Qxe6 Qc6 20. Nxh6+ 1-0

[Event "OLNO 2122 SG Güstrow-Teterow - SC Kreu"]
[Site "?"]
[Date "2021.10.31"]
[Round "1.2"]
[White "Fidorra, Thomas"]
[Black "Muse, Drazen"]
[Result "1/2-1/2"]
[WhiteElo "2073"]
[BlackElo "2328"]
[PlyCount "72"]
[EventDate "2021.??.??"]

1. e4 e5 2. Nf3 d6 3. d4 exd4 4. Nxd4 Nf6 5. Nc3 Be7 6. Be2 O-O 7. Be3 Re8 8.
O-O Bf8 9. Bf3 Nbd7 10. g3 Nc5 11. Re1 Ncxe4 12. Nxe4 Nxe4 13. Qd3 Nc5 14. Qc4
c6 15. Nxc6 bxc6 16. Bxc6 Be6 17. Qf4 a5 18. a3 Nd7 19. Bxa8 Qxa8 20. Bd4 Ne5
21. Re3 Bd5 22. Bxe5 dxe5 23. Rxe5 Rxe5 24. Qxe5 Bh1 25. Kf1 Bf3 26. Re1 Qa6+
27. Kg1 Bb7 28. Qc7 Qb5 29. Qc3 Qd5 30. f3 a4 31. Kg2 Bc6 32. Re5 Qd7 33. b4
axb3 34. cxb3 g6 35. Re3 Qd1 36. Re1 Qd7 1/2-1/2

[Event "OLNO 2122 SG Güstrow-Teterow - SC Kreu"]
[Site "?"]
[Date "2021.10.31"]
[Round "1.4"]
[White "Gebert-Vangeel, Ralf"]
[Black "Moritz, Aron"]
[Result "1/2-1/2"]
[WhiteElo "2058"]
[BlackElo "2216"]
[PlyCount "53"]
[EventDate "2021.??.??"]

1. e4 c5 2. Nf3 d6 3. d4 cxd4 4. Nxd4 Nf6 5. Nc3 a6 6. Bg5 e6 7. f4 Be7 8. Qd2
h6 9. Bh4 Nxe4 10. Bxe7 Nxd2 11. Bxd8 Nxf1 12. Bc7 Ne3 13. Bxd6 Kd7 14. Bxb8
Rxb8 15. Kf2 Ng4+ 16. Kf3 Nf6 17. Rad1 Kc7 18. Rhe1 b5 19. h3 Rd8 20. Kf2 Bb7
21. a3 Rd7 22. Nb3 Rbd8 23. Rxd7+ Rxd7 24. Nc5 Rd2+ 25. Re2 Rxe2+ 26. Nxe2 Kb6
27. Nxb7 1/2-1/2

[Event "OLNO 2122 SG Güstrow-Teterow - SC Kreu"]
[Site "?"]
[Date "2021.10.31"]
[Round "1.5"]
[White "Vogel, Constantin"]
[Black "Waschk, Armin"]
[Result "1-0"]
[WhiteElo "2166"]
[BlackElo "2166"]
[PlyCount "67"]
[EventDate "2021.??.??"]

1. c4 Nf6 2. g3 e6 3. Bg2 d5 4. Nf3 Be7 5. O-O O-O 6. d4 dxc4 7. Qc2 c5 8. Qxc4
cxd4 9. Nxd4 Qb6 10. Nc3 Bd7 11. Na4 Bxa4 12. Qxa4 Na6 13. Nb3 Nc5 14. Nxc5
Bxc5 15. a3 Rfd8 16. e3 Nd5 17. b3 Be7 18. Bd2 Qd6 19. Ra2 Qd7 20. Qxd7 Rxd7
21. Rc1 Rad8 22. Be1 b6 23. b4 b5 24. Rac2 Kf8 25. Bf1 a6 26. Rc6 Rd6 27. e4
Nb6 28. e5 Rxc6 29. Rxc6 Rb8 30. f4 Bd8 31. Bf2 Rc8 32. Rd6 Bc7 33. Bxb6 Bxd6
34. exd6 1-0

[Event "OLNO 2122 SG Güstrow-Teterow - SC Kreu"]
[Site "?"]
[Date "2021.10.31"]
[Round "1.6"]
[White "Dettmann, Gerd"]
[Black "Lehmann, Klaus"]
[Result "1/2-1/2"]
[WhiteElo "2119"]
[BlackElo "2221"]
[PlyCount "99"]
[EventDate "2021.??.??"]

1. e4 c6 2. d4 d5 3. exd5 cxd5 4. Nf3 Nc6 5. Ne5 e6 6. c3 Bd6 7. Bb5 Qc7 8. Bf4
Nge7 9. Nd2 f6 10. Nxc6 bxc6 11. Bxd6 Qxd6 12. Be2 O-O 13. O-O Ng6 14. Qc2 a5
15. f3 Ba6 16. Bxa6 Rxa6 17. Nb3 Ra7 18. Nc5 Re7 19. Nd3 Rfe8 20. Rad1 Qb8 21.
a3 Qa7 22. Nc5 Nf4 23. b4 axb4 24. axb4 e5 25. Rfe1 exd4 26. Rxe7 Qxe7 27. cxd4
Ne2+ 28. Kh1 Nxd4 29. Qf2 Nc2 30. b5 cxb5 31. h3 Ne3 32. Rc1 Rc8 33. Re1 Qxc5
34. Rxe3 d4 35. Re4 Rd8 36. Qa2+ Qc4 37. Qa7 Qf7 38. Re7 Qf8 39. Qc7 Re8 40.
Rd7 Rc8 41. Qb7 b4 42. Rxg7+ Qxg7 43. Qxc8+ Qf8 44. Qc4+ Kg7 45. Qxd4 Qe7 46.
Qg4+ Kf7 47. Qc4+ Kg7 48. Qg4+ Kf7 49. Qc4+ Kg7 50. Qg4+ 1/2-1/2

[Event "OLNO 2122 SG Güstrow-Teterow - SC Kreu"]
[Site "?"]
[Date "2021.10.31"]
[Round "1.7"]
[White "Dathe, Frederick"]
[Black "Dettmann, Holger"]
[Result "1/2-1/2"]
[WhiteElo "2011"]
[BlackElo "2019"]
[PlyCount "80"]
[EventDate "2021.??.??"]

1. c4 f5 2. Nc3 Nf6 3. g3 e6 4. Bg2 Be7 5. d3 O-O 6. Nf3 d6 7. O-O Nbd7 8. Rb1
c6 9. b4 Ng4 10. b5 c5 11. e4 Bf6 12. Bd2 Nge5 13. Ne1 Nf7 14. f4 Bd4+ 15. Kh1
fxe4 16. dxe4 e5 17. f5 Nf6 18. Nd5 Nxd5 19. cxd5 Bd7 20. Qh5 Qf6 21. g4 g6 22.
Qh3 g5 23. Nf3 h6 24. Rfc1 Kg7 25. Bf1 Rh8 26. Be2 Rag8 27. Qg3 Kf8 28. Kg2 Ke7
29. h3 Rg7 30. Rh1 Rhg8 31. Rh2 h5 32. Rbh1 h4 33. Qe1 Ra8 34. a4 Rgg8 35. a5
Rac8 36. Bc4 Ra8 37. Qd1 Rac8 38. Qb3 Ra8 39. Qd1 Rac8 40. Qb3 Ra8 1/2-1/2

[Event "OLNO 2122 SG Güstrow-Teterow - SC Kreu"]
[Site "?"]
[Date "2021.10.31"]
[Round "1.8"]
[White "Scharf, Christian"]
[Black "Moser, Axel"]
[Result "0-1"]
[WhiteElo "1168"]
[BlackElo "2137"]
[PlyCount "82"]
[EventDate "2021.??.??"]

1. e4 c5 2. Nc3 Nc6 3. Nge2 d6 4. g3 g6 5. Bg2 Bg7 6. O-O e6 7. d3 Nge7 8. Be3
Nd4 9. f4 O-O 10. g4 f5 11. gxf5 exf5 12. Rb1 Re8 13. Bf2 Nec6 14. Nxd4 Nxd4
15. Nd5 Be6 16. Re1 Qd7 17. c3 Nc6 18. Bh4 Rf8 19. Qd2 Qf7 20. Bg5 Rae8 21. a3
a5 22. Re2 Kh8 23. Rf1 a4 24. Nb6 Bb3 25. Bh3 Qc7 26. Nd5 Qf7 27. Nb6 Be6 28.
Rfe1 h6 29. Bh4 fxe4 30. Bxe6 Rxe6 31. Rxe4 Rxe4 32. Rxe4 d5 33. Rxa4 g5 34.
Bf2 gxf4 35. Bxc5 Rg8 36. Kh1 Be5 37. Ra8 Bb8 38. Qf2 Qh5 39. Qf1 f3 40. Rxb8
Rxb8 41. Nd7 Rd8 0-1

[Event "OLNO 2122 Greifswalder SV - SC Empor Po"]
[Site "?"]
[Date "2021.10.31"]
[Round "1.1"]
[White "Penzold, Andreas"]
[Black "Fromm, Marius"]
[Result "1-0"]
[WhiteElo "2393"]
[BlackElo "2342"]
[PlyCount "89"]
[EventDate "2021.??.??"]

1. c4 e5 2. Nc3 Nf6 3. Nf3 Nc6 4. e3 Bb4 5. Qc2 Bxc3 6. Qxc3 Qe7 7. d4 e4 8.
Nd2 O-O 9. a3 a5 10. b3 d5 11. Bb2 Rd8 12. h3 Bf5 13. g4 Be6 14. Bg2 h6 15. Qc2
Re8 16. O-O-O Qd7 17. Rde1 a4 18. b4 b5 19. cxb5 Na7 20. Kb1 Nxb5 21. Rc1 Ra6
22. f3 exf3 23. Nxf3 Ne4 24. Ne5 Qd8 25. Bxe4 dxe4 26. Qc5 Rb6 27. Nc4 Bxc4 28.
Qxc4 Qh4 29. Qe2 Re7 30. Rc5 Nd6 31. Qe1 Qf6 32. Rf1 Qg6 33. Qe2 Nb7 34. Rc3 c6
35. Qc2 Ra6 36. Rc1 Re6 37. Qe2 Ra8 38. d5 cxd5 39. Qb5 Nd6 40. Qxd5 Rb8 41.
Rc5 Kh7 42. Qd1 Ra8 43. Rd5 Ra6 44. h4 f5 45. Qf1 1-0

[Event "OLNO 2122 Greifswalder SV - SC Empor Po"]
[Site "?"]
[Date "2021.10.31"]
[Round "1.2"]
[White "Weber, Max"]
[Black "Schoene, Ralf"]
[Result "1/2-1/2"]
[WhiteElo "2231"]
[BlackElo "2259"]
[PlyCount "107"]
[EventDate "2021.??.??"]

1. Nf3 Nf6 2. c4 g6 3. Nc3 Bg7 4. e4 d6 5. d4 O-O 6. Be2 e5 7. Be3 Ng4 8. Bg5
f6 9. Bh4 Nc6 10. d5 Ne7 11. Nd2 Nh6 12. f3 c5 13. dxc6 bxc6 14. b4 Kh8 15. Nb3
Be6 16. O-O Bg8 17. b5 d5 18. cxd5 cxd5 19. exd5 Nxd5 20. Nxd5 Bxd5 21. Rc1 Nf5
22. Bf2 Bxb3 23. Qxb3 Nd4 24. Bxd4 exd4 25. f4 f5 26. Bf3 Rb8 27. Bc6 d3 28.
Rfd1 Qd4+ 29. Kh1 Qxf4 30. Qxd3 Qf2 31. Qc2 Qb6 32. Rd7 Rbd8 33. Rcd1 Rxd7 34.
Rxd7 Rd8 35. Qd2 Rxd7 36. Qxd7 h5 37. Qd2 Qc5 38. g3 Qc4 39. Kg2 Kh7 40. h4 a6
41. Qd5 axb5 42. Qxb5 Qxa2+ 43. Kh3 Qd2 44. Qd5 Qe3 45. Qf3 Qg1 46. Qf4 Qe1 47.
Qc7 Qc3 48. Kg2 Qc4 49. Qd6 f4 50. gxf4 Qe2+ 51. Kg1 Qg4+ 52. Kf1 Qxh4 53. Be4
Qh3+ 54. Kf2 1/2-1/2

[Event "OLNO 2122 Greifswalder SV - SC Empor Po"]
[Site "?"]
[Date "2021.10.31"]
[Round "1.3"]
[White "Milare, Tyron"]
[Black "Skibbe, Willi"]
[Result "1-0"]
[WhiteElo "2183"]
[BlackElo "2206"]
[PlyCount "23"]
[EventDate "2021.??.??"]

1. d4 d5 2. Nf3 Nc6 3. c4 Bg4 4. Nc3 e6 5. cxd5 exd5 6. Bg5 Nge7 7. e3 f6 8.
Bf4 g5 9. Bg3 Nf5 10. Qb3 Bb4 11. Bb5 Nfe7 12. Qxb4 1-0

[Event "OLNO 2122 Greifswalder SV - SC Empor Po"]
[Site "?"]
[Date "2021.10.31"]
[Round "1.4"]
[White "Stubbe, Wilko"]
[Black "Jaeger, Uwe"]
[Result "0-1"]
[WhiteElo "2226"]
[BlackElo "2224"]
[PlyCount "56"]
[EventDate "2021.??.??"]

1. e4 d5 2. exd5 Qxd5 3. Nf3 Bg4 4. Be2 Nf6 5. d4 Nc6 6. Be3 O-O-O 7. O-O Qh5
8. Nc3 e5 9. d5 Nxd5 10. Nxd5 e4 11. c4 Bd6 12. h3 exf3 13. Bxf3 Bxf3 14. Qxf3
Qxf3 15. gxf3 Ne5 16. Rfc1 Nxf3+ 17. Kg2 Nh4+ 18. Kf1 Nf5 19. Bxa7 b6 20. c5
Be5 21. Rd1 Bd4 22. Nxc7 Bxc5 23. Nb5 Kb7 24. a4 Nd4 25. Rxd4 Rxd4 26. a5 Rb4
27. Nc3 Kxa7 28. axb6+ Kb8 0-1

[Event "OLNO 2122 Greifswalder SV - SC Empor Po"]
[Site "?"]
[Date "2021.10.31"]
[Round "1.5"]
[White "Wuttke, Hans"]
[Black "Leisner, Hannes"]
[Result "0-1"]
[WhiteElo "2116"]
[BlackElo "2235"]
[PlyCount "90"]
[EventDate "2021.??.??"]

1. Nf3 d6 2. d4 Nf6 3. Nc3 Bf5 4. h3 c6 5. Bg5 Nbd7 6. e3 Qc7 7. Bd3 Bxd3 8.
cxd3 g6 9. O-O Bg7 10. Qe2 O-O 11. Rfc1 Qb6 12. Rab1 Rfe8 13. b4 Rac8 14. Qc2
Qa6 15. Qd2 h6 16. Bf4 e5 17. Bh2 exd4 18. Nxd4 Ne5 19. Rd1 c5 20. Nde2 Qc6 21.
b5 Qc7 22. Nf4 Qd7 23. Nfd5 Nxd5 24. Nxd5 Qe6 25. Nf4 Qf5 26. Qe2 Nd7 27. Qg4
Qxg4 28. hxg4 Nf6 29. Nh3 d5 30. g5 hxg5 31. Nxg5 c4 32. Nf3 c3 33. Rdc1 Nd7
34. Ne1 d4 35. exd4 Bxd4 36. Nc2 Bg7 37. Bf4 Nc5 38. Nb4 Red8 39. Rc2 Nxd3 40.
Nxd3 Rxd3 41. Kf1 Rd5 42. Ke2 Rc4 43. Be3 b6 44. Rb3 Ra4 45. a3 Ra5 0-1

[Event "OLNO 2122 Greifswalder SV - SC Empor Po"]
[Site "?"]
[Date "2021.10.31"]
[Round "1.6"]
[White "Stopsack, Malte"]
[Black "Bachmann, Volker"]
[Result "1-0"]
[WhiteElo "2220"]
[BlackElo "2121"]
[PlyCount "101"]
[EventDate "2021.??.??"]

1. e4 e6 2. d4 d5 3. e5 c5 4. c3 Nc6 5. Nf3 Qb6 6. Bd3 Bd7 7. O-O cxd4 8. cxd4
Nxd4 9. Nbd2 Nc6 10. Nb3 f6 11. Bf4 g6 12. exf6 Nxf6 13. Re1 Bg7 14. Ng5 Nd8
15. Rc1 O-O 16. Be3 Qb4 17. Bc5 Qf4 18. Bxf8 Bxf8 19. Nf3 Nc6 20. Nc5 Bxc5 21.
Rxc5 e5 22. g3 Qg4 23. Be2 Qh3 24. Bf1 Qh5 25. Rxd5 Bg4 26. Qb3 Nxd5 27. Qxd5+
Kg7 28. Nxe5 Rf8 29. Qd6 Re8 30. f4 Nxe5 31. fxe5 Qf5 32. Qf6+ Qxf6 33. exf6+
Kf7 34. Rxe8 Kxe8 35. Bc4 g5 36. Kf2 Bh5 37. Ke3 Bf7 38. Bb5+ Kf8 39. a3 Bb3
40. Ke4 Kf7 41. Kf5 h6 42. Be2 Bc2+ 43. Ke5 Bb3 44. Bh5+ Kf8 45. Kd6 Bc2 46. b4
Be4 47. Kc7 b6 48. Kb8 a5 49. b5 Bd3 50. Kc7 Bxb5 51. Kxb6 1-0

[Event "OLNO 2122 Greifswalder SV - SC Empor Po"]
[Site "?"]
[Date "2021.10.31"]
[Round "1.7"]
[White "Piersig, Hans-Juergen"]
[Black "Kuersten, Ruediger"]
[Result "1-0"]
[WhiteElo "2105"]
[BlackElo "2203"]
[PlyCount "63"]
[EventDate "2021.??.??"]

1. e4 c6 2. d4 d5 3. Nc3 dxe4 4. Nxe4 Bf5 5. Ng3 Bg6 6. h4 h6 7. Nf3 Nd7 8. h5
Bh7 9. Bd3 Bxd3 10. Qxd3 e6 11. Bf4 Qa5+ 12. Bd2 Bb4 13. c3 Be7 14. c4 Qc7 15.
O-O-O Ngf6 16. Ne4 Ng4 17. Qe2 O-O 18. Kb1 b5 19. c5 f5 20. Nd6 e5 21. Nxe5
Ngxe5 22. dxe5 Nxc5 23. Be3 Ne6 24. Qc2 Bxd6 25. Rxd6 Nd8 26. f4 Rc8 27. Rhd1
c5 28. Rd7 Qa5 29. Bxc5 Ne6 30. Qb3 Rxc5 31. Qxe6+ Kh8 32. Qe7 1-0

[Event "OLNO 2122 Greifswalder SV - SC Empor Po"]
[Site "?"]
[Date "2021.10.31"]
[Round "1.8"]
[White "Valet, Richard"]
[Black "Germann, Heike"]
[Result "1-0"]
[WhiteElo "2010"]
[BlackElo "2002"]
[PlyCount "61"]
[EventDate "2021.??.??"]

1. e4 c5 2. Nc3 Nc6 3. g3 g6 4. Bg2 Bg7 5. d3 d6 6. f4 e6 7. Nf3 Nge7 8. O-O
O-O 9. Be3 Bd7 10. Qd2 Rb8 11. Rf2 b5 12. a3 Qa5 13. Raf1 b4 14. axb4 Qxb4 15.
f5 gxf5 16. Bh6 Nd4 17. Nh4 Ng6 18. exf5 Nxf5 19. Nxf5 exf5 20. Bxg7 Kxg7 21.
h4 Qg4 22. Kh2 f4 23. Rxf4 Nxf4 24. Rxf4 Qh5 25. Ne4 Qe5 26. Rf6 Bf5 27. Qh6+
Kg8 28. h5 Rb4 29. Rxf5 Qxf5 30. Nf6+ Kh8 31. Qxf8# 1-0

[Event "OLNO 2122 SF Berlin III - Forster SC 95"]
[Site "?"]
[Date "2021.10.31"]
[Round "1.1"]
[White "Aliavdin, Nikolai"]
[Black "Nogly, Christoph"]
[Result "1-0"]
[WhiteElo "2321"]
[BlackElo "2264"]
[PlyCount "105"]
[EventDate "2021.??.??"]

1. e4 e5 2. Nf3 Nc6 3. Bb5 Nf6 4. d3 Bc5 5. Be3 Nd4 6. Bxd4 exd4 7. O-O O-O 8.
Nbd2 a6 9. Bc4 d5 10. exd5 b5 11. Bb3 Nxd5 12. Re1 Nf4 13. Ne4 Bb4 14. c3 dxc3
15. bxc3 Bd6 16. Nfg5 Bf5 17. g3 Ne6 18. Nxe6 Bxe6 19. Bxe6 fxe6 20. Qb3 Re8
21. Re3 Kh8 22. Rae1 e5 23. f4 Rf8 24. fxe5 Bxe5 25. Nc5 Bd6 26. Ne6 Qf6 27.
Nxf8 Rxf8 28. Qc2 b4 29. d4 bxc3 30. Qxc3 Qf2+ 31. Kh1 Qxa2 32. Re8 Qd5+ 33.
Kg1 Kg8 34. Rxf8+ Bxf8 35. Re5 Qa2 36. Rf5 Bd6 37. Qf3 h6 38. Qa8+ Kh7 39. Qe4
Kg8 40. Rf2 Qa1+ 41. Kg2 Qc3 42. Qd5+ Kh7 43. Qf5+ Kg8 44. Re2 Qc6+ 45. Kh3 Qb5
46. Qe6+ Kh7 47. d5 Qb1 48. Qf7 Qg6 49. Qf3 Kg8 50. Re6 Qf7 51. Qe4 a5 52. Re8+
Bf8 53. Qe6 1-0

[Event "OLNO 2122 SF Berlin III - Forster SC 95"]
[Site "?"]
[Date "2021.10.31"]
[Round "1.2"]
[White "Noetzel, Felix"]
[Black "Kleeschaetzky, Rainer"]
[Result "1/2-1/2"]
[WhiteElo "2252"]
[BlackElo "2290"]
[PlyCount "113"]
[EventDate "2021.??.??"]

1. c4 c6 2. Nf3 d5 3. e3 Nf6 4. Nc3 Bg4 5. Qb3 Qb6 6. Qxb6 axb6 7. cxd5 Bxf3 8.
gxf3 Nxd5 9. Nxd5 cxd5 10. f4 Nc6 11. Bb5 e6 12. a4 Bb4 13. b3 Ke7 14. Bb2 Rhg8
15. Rg1 g6 16. Rb1 Rgc8 17. Ke2 Bc5 18. Rgc1 Nb4 19. d4 Bd6 20. Rxc8 Rxc8 21.
Rc1 Rxc1 22. Bxc1 Nc6 23. Kd3 Na7 24. f3 Nxb5 25. axb5 Kf6 26. e4 Kg7 27. Bd2
Bc7 28. Ke3 Kh6 29. Bb4 Bd8 30. Kf2 Kh5 31. Bd6 Kh4 32. Kg2 Bf6 33. Be5 Bxe5
34. fxe5 dxe4 35. fxe4 Kg4 36. d5 exd5 37. exd5 Kf5 38. d6 Ke6 39. Kf3 f6 40.
exf6 Kxd6 41. Ke4 h6 42. f7 Ke7 43. Ke5 Kxf7 44. Kd6 g5 45. Kc7 g4 46. Kxb6 h5
47. Kxb7 h4 48. Kc8 g3 49. hxg3 hxg3 50. b6 g2 51. b7 g1=Q 52. b8=Q Qg8+ 53.
Kb7 Qg2+ 54. Kb6 Qf2+ 55. Ka5 Qa2+ 56. Kb4 Qd2+ 57. Ka3 1/2-1/2

[Event "OLNO 2122 SF Berlin III - Forster SC 95"]
[Site "?"]
[Date "2021.10.31"]
[Round "1.3"]
[White "Bielinski, Dariusz"]
[Black "Wintzer, Joachim"]
[Result "0-1"]
[WhiteElo "2102"]
[BlackElo "2274"]
[PlyCount "102"]
[EventDate "2021.??.??"]

1. Nf3 c5 2. c4 Nc6 3. e3 Nf6 4. Nc3 e5 5. d4 cxd4 6. exd4 e4 7. d5 exf3 8.
dxc6 dxc6 9. Qxf3 Bg4 10. Qe3+ Be7 11. h3 Bf5 12. Be2 O-O 13. O-O Re8 14. Qf3
Bg6 15. Rd1 Qb6 16. b3 Bb4 17. Bb2 Re6 18. Bd3 Rae8 19. Bxg6 hxg6 20. Na4 Qc7
21. a3 Bf8 22. Bd4 b6 23. c5 Nd7 24. b4 bxc5 25. Nxc5 Nxc5 26. bxc5 Qa5 27.
Rac1 Re1+ 28. Rxe1 Rxe1+ 29. Rxe1 Qxe1+ 30. Kh2 Bxc5 31. Bxc5 Qe5+ 32. Qg3 Qxc5
33. Qb8+ Kh7 34. Qc7 f6 35. Kg1 Qxa3 36. Qxc6 a5 37. g3 Qb4 38. h4 a4 39. h5
gxh5 40. Qc2+ Kh6 41. Qc1+ Kh7 42. Qc2+ Kh6 43. Qc1+ Kg6 44. Qc2+ f5 45. Qc6+
Kh7 46. Qe8 Qb1+ 47. Kh2 Qd1 48. Qb5 Qc2 49. Kh3 a3 50. f3 a2 51. Qe8 Qc1 0-1

[Event "OLNO 2122 SF Berlin III - Forster SC 95"]
[Site "?"]
[Date "2021.10.31"]
[Round "1.4"]
[White "Gaerths, Ronny"]
[Black "Dabrowski, Grzegorz"]
[Result "0-1"]
[WhiteElo "2177"]
[BlackElo "2017"]
[PlyCount "132"]
[EventDate "2021.??.??"]

1. d4 Nf6 2. Nf3 e6 3. g3 c5 4. Bg2 cxd4 5. O-O Nc6 6. Nxd4 Qb6 7. Nb3 d5 8. c4
dxc4 9. N3d2 Qa6 10. a4 e5 11. Nc3 Be6 12. Nb5 Qb6 13. Qc2 a6 14. Na3 Nd4 15.
Ndxc4 Qc7 16. Qd3 Rd8 17. b3 Be7 18. Bb2 O-O 19. Rac1 b5 20. axb5 axb5 21. Nd2
Qa5 22. Ra1 Qb4 23. Ne4 Nxb3 24. Nxf6+ Bxf6 25. Qxb5 Qxb5 26. Nxb5 Nxa1 27.
Bxa1 Bc4 28. Nc3 Rd2 29. Ne4 Rxe2 30. Rc1 Be6 31. f4 exf4 32. Nxf6+ gxf6 33.
Bxf6 fxg3 34. hxg3 Rc8 35. Ra1 h6 36. Bf3 Rec2 37. Ra5 Rc1+ 38. Kf2 R1c5 39.
Ra4 Rf5 40. Rg4+ Kf8 41. Rf4 Rxf4 42. gxf4 Bf5 43. Ke3 Rc4 44. Bd5 Ra4 45. Bf3
Ra6 46. Bd4 f6 47. Kf2 Kg7 48. Bc5 Kg6 49. Kg3 Ra5 50. Bd6 Ra2 51. Kh4 Rh2+ 52.
Kg3 Rd2 53. Bf8 Rd3 54. Kf2 h5 55. Be2 Rc3 56. Bb4 Rb3 57. Bc5 h4 58. Kg1 Be4
59. f5+ Kxf5 60. Bd6 Rb2 61. Kf1 h3 62. Bg3 Kg5 63. Bd6 Rd2 64. Bc7 f5 65. Bh2
f4 66. Ke1 Ra2 0-1

[Event "OLNO 2122 SF Berlin III - Forster SC 95"]
[Site "?"]
[Date "2021.10.31"]
[Round "1.5"]
[White "Preuss, Heiko"]
[Black "Van Hasselt, Frank"]
[Result "1/2-1/2"]
[WhiteElo "2227"]
[BlackElo "2226"]
[PlyCount "89"]
[EventDate "2021.??.??"]

1. d4 d5 2. g3 e6 3. Bg2 b5 4. e4 Bb7 5. e5 c5 6. c3 b4 7. Ne2 Nc6 8. O-O Nge7
9. cxb4 cxb4 10. Nd2 Nf5 11. Nf3 Ba6 12. Re1 Be7 13. Be3 Qb6 14. b3 O-O 15. Bh3
Nxe3 16. fxe3 Rac8 17. Qd2 Rc7 18. Rec1 Rfc8 19. Nf4 Nd8 20. Rxc7 Qxc7 21. Nxd5
exd5 22. Bxc8 Qxc8 23. Rc1 Qf5 24. Qf2 Ne6 25. h4 h6 26. Ne1 Qxf2+ 27. Kxf2 Kf8
28. Rc6 Bb7 29. Rc2 Ke8 30. Kf3 Kd7 31. Ng2 g5 32. Kg4 Ba6 33. hxg5 hxg5 34.
Ne1 Bb5 35. Rf2 Ke8 36. Rc2 Bd7 37. Kf3 g4+ 38. Kf2 Ng5 39. Rc7 Ne4+ 40. Kg2 a5
41. Nd3 Nc3 42. Ra7 Bf5 43. Ra8+ Kd7 44. Ra7+ Ke8 45. Ra8+ 1/2-1/2

[Event "OLNO 2122 SF Berlin III - Forster SC 95"]
[Site "?"]
[Date "2021.10.31"]
[Round "1.6"]
[White "Arni, Julian Kirsten"]
[Black "Stahr, Ralf-Peter"]
[Result "1-0"]
[WhiteElo "2167"]
[BlackElo "2124"]
[PlyCount "53"]
[EventDate "2021.??.??"]

1. c4 c5 2. Nf3 Nc6 3. d4 cxd4 4. Nxd4 g6 5. Nc3 Bg7 6. e3 Nf6 7. Be2 O-O 8.
O-O Nxd4 9. Qxd4 d6 10. e4 Be6 11. Qe3 Ng4 12. Qg3 Ne5 13. f4 Nc6 14. f5 Bd7
15. Nd5 Nd4 16. Bd3 Bc6 17. Kh1 Bxd5 18. exd5 Qb6 19. Rf2 Kh8 20. Qh3 Kg8 21.
Be3 e5 22. dxe6 fxe6 23. fxg6 hxg6 24. Bxg6 Rxf2 25. Bxf2 Qxb2 26. Bxd4 Qxd4
27. Rf1 1-0

[Event "OLNO 2122 SF Berlin III - Forster SC 95"]
[Site "?"]
[Date "2021.10.31"]
[Round "1.7"]
[White "Szylko, Waldemar"]
[Black "Offermann, Fernando"]
[Result "1/2-1/2"]
[WhiteElo "1924"]
[BlackElo "2178"]
[PlyCount "96"]
[EventDate "2021.??.??"]

1. e4 c5 2. Nc3 a6 3. g3 b5 4. Bg2 Bb7 5. d3 e6 6. f4 d5 7. e5 h5 8. Nf3 Ne7 9.
Nh4 g6 10. O-O Nec6 11. h3 Be7 12. Nf3 Nd7 13. Bd2 Nb6 14. a4 b4 15. Ne2 d4 16.
b3 Nd5 17. h4 Qd7 18. Kh2 O-O-O 19. Neg1 Kb8 20. Nh3 Rdf8 21. Qe2 Rfg8 22. Nhg5
Rg7 23. Rae1 Ka7 24. Ne4 a5 25. Nfg5 Kb6 26. Bh3 Ba8 27. Bc1 Bb7 28. Bg2 Qd8
29. Bh3 Bc8 30. Bg2 Qc7 31. Bh3 Bf8 32. Bg2 Ba6 33. Bd2 Be7 34. Bh3 Qd7 35. Bg2
Bb7 36. Qf2 Ba8 37. Bc1 Rd8 38. Bh3 Bf8 39. Nf6 Qc8 40. Nxd5+ Rxd5 41. Ne4 Rd8
42. Bg2 Qc7 43. Nd2 Be7 44. Nc4+ Ka6 45. Be4 Rgg8 46. Qg2 Rc8 47. Bd2 Rb8 48.
Re2 Rbe8 1/2-1/2

[Event "OLNO 2122 SF Berlin III - Forster SC 95"]
[Site "?"]
[Date "2021.10.31"]
[Round "1.8"]
[White "Mcgowan, Daniel"]
[Black "Zeihser, Michael"]
[Result "1/2-1/2"]
[WhiteElo "2099"]
[BlackElo "2171"]
[PlyCount "48"]
[EventDate "2021.??.??"]

1. e4 c5 2. Nf3 d6 3. c3 Nf6 4. Be2 Nc6 5. d4 e6 6. Nbd2 cxd4 7. cxd4 Be7 8.
O-O O-O 9. Bd3 e5 10. d5 Nb8 11. h3 Nbd7 12. Nb3 a5 13. Be3 b6 14. a4 Nc5 15.
Nxc5 bxc5 16. Nd2 Nd7 17. Qe2 Bg5 18. Nc4 Bxe3 19. Qxe3 Nb6 20. f4 Nxc4 21.
Bxc4 Qe7 22. Rae1 Ba6 23. Bxa6 Rxa6 24. Qc3 f6 1/2-1/2

[Event "OLNO 2122 TSG Oberschöneweide - SK Kö"]
[Site "?"]
[Date "2021.10.31"]
[Round "1.1"]
[White "Giemsa, Stephan"]
[Black "Rosenthal, Dirk"]
[Result "0-1"]
[WhiteElo "2294"]
[BlackElo "2390"]
[PlyCount "70"]
[EventDate "2021.??.??"]

1. d4 Nf6 2. c4 g6 3. Nc3 Bg7 4. e4 d6 5. Nge2 O-O 6. Ng3 Nc6 7. d5 Ne5 8. f4
Ned7 9. Be2 c6 10. Be3 h5 11. O-O a6 12. Nh1 cxd5 13. cxd5 b5 14. Nf2 Bb7 15.
Rc1 Rc8 16. Qd2 Qa5 17. a3 Qd8 18. Bd3 Nb6 19. b3 Nfd7 20. Ne2 Nc5 21. Bc2 Nbd7
22. b4 Na4 23. Bxa4 bxa4 24. Rxc8 Bxc8 25. Nd4 Nf6 26. Nc6 Qe8 27. e5 Ng4 28.
Nxg4 hxg4 29. exd6 exd6 30. Bd4 Bxd4+ 31. Qxd4 Bd7 32. Qb6 Bf5 33. Qxa6 Qe3+
34. Kh1 Bd3 35. Ne7+ Kg7 0-1

[Event "OLNO 2122 TSG Oberschöneweide - SK Kö"]
[Site "?"]
[Date "2021.10.31"]
[Round "1.2"]
[White "Meyer-Dunker, Paul"]
[Black "Rietze, Clemens"]
[Result "0-1"]
[WhiteElo "2101"]
[BlackElo "2270"]
[PlyCount "50"]
[EventDate "2021.??.??"]

1. e4 c6 2. d4 d5 3. exd5 cxd5 4. Bd3 Nc6 5. c3 Qc7 6. g3 e6 7. Bf4 Bd6 8. Bxd6
Qxd6 9. Nf3 Nge7 10. Nbd2 f6 11. O-O e5 12. dxe5 fxe5 13. c4 e4 14. cxd5 exf3
15. Ne4 Qxd5 16. Rc1 Bf5 17. Rc5 Qd4 18. Rc4 Qd7 19. Re1 Bxe4 20. Rcxe4 O-O-O
21. R4e3 Rhf8 22. Qa4 Nd5 23. Re6 Nb6 24. Qg4 h5 25. Qh3 Nd4 0-1

[Event "OLNO 2122 TSG Oberschöneweide - SK Kö"]
[Site "?"]
[Date "2021.10.31"]
[Round "1.3"]
[White "Dimitrijeski, Boris"]
[Black "Horn, Sven"]
[Result "1/2-1/2"]
[WhiteElo "2195"]
[BlackElo "2085"]
[PlyCount "77"]
[EventDate "2021.??.??"]

1. d4 Nf6 2. c4 e6 3. Nf3 Bb4+ 4. Bd2 Be7 5. Nc3 d5 6. Bf4 O-O 7. e3 b6 8. Bd3
dxc4 9. Bxc4 Bb7 10. O-O Nh5 11. Qe2 Nxf4 12. exf4 Bd6 13. g3 Nd7 14. Rfd1 Nf6
15. Rac1 a6 16. Ne5 Qe7 17. a3 b5 18. Bd3 c5 19. dxc5 Bxc5 20. Ne4 Nxe4 21.
Bxe4 Bxe4 22. Qxe4 Qa7 23. Rd7 Bxf2+ 24. Kg2 Qe3 25. Qxe3 Bxe3 26. Rcc7 Rad8
27. Re7 Bb6 28. Rb7 Bc5 29. Red7 h6 30. Kf3 Rxd7 31. Rxd7 f6 32. Nd3 Rc8 33. h4
Bf8 34. h5 Rc6 35. Ra7 Rd6 36. Ke4 Rc6 37. Kf3 Rd6 38. Ke4 Rc6 39. Kf3 1/2-1/2

[Event "OLNO 2122 TSG Oberschöneweide - SK Kö"]
[Site "?"]
[Date "2021.10.31"]
[Round "1.4"]
[White "Schoewel, Matthias"]
[Black "Dimitrijeski, Kristian"]
[Result "1/2-1/2"]
[WhiteElo "2218"]
[BlackElo "2132"]
[PlyCount "35"]
[EventDate "2021.??.??"]

1. e4 e5 2. Nf3 Nc6 3. Bc4 Bc5 4. O-O d6 5. h3 Nf6 6. Nc3 h6 7. d3 O-O 8. Na4
Bb6 9. Nxb6 axb6 10. a4 Re8 11. Bd2 Be6 12. Re1 Bxc4 13. dxc4 Nh5 14. Ra3 Nf4
15. Be3 Qf6 16. g3 Ne6 17. c3 Nc5 18. Bxc5 1/2-1/2

[Event "OLNO 2122 TSG Oberschöneweide - SK Kö"]
[Site "?"]
[Date "2021.10.31"]
[Round "1.5"]
[White "Jahnz, Fabian"]
[Black "Postler, Reinhard"]
[Result "1-0"]
[WhiteElo "2240"]
[BlackElo "2217"]
[PlyCount "62"]
[EventDate "2021.??.??"]

1. e4 c5 2. Nf3 e6 3. d4 cxd4 4. Nxd4 a6 5. c4 Nf6 6. Nc3 Qc7 7. a3 b6 8. Be3
Bb7 9. f3 d6 10. Rc1 Be7 11. b4 Nbd7 12. Qc2 Rc8 13. Nb3 Qb8 14. Qf2 Bd8 15.
Be2 O-O 16. O-O Bc7 17. g4 Ba8 18. g5 Ne8 19. Rfd1 f5 20. exf5 exf5 21. f4 b5
22. cxb5 axb5 23. Nd5 Rf7 24. Bf3 Bb7 25. Qg2 Bd8 26. Bd4 Rxc1 27. Rxc1 Nb6 28.
Re1 Kf8 29. Qe2 Bc6 30. Nxb6 Re7 31. Bxc6 Rxe2 1-0